|
|
|
|
| LEADER |
01230nam a2200313 a 4500 |
| 001 |
16546984 |
| 003 |
BD-DhAAL |
| 008 |
120805s2011 pauab b 001 0 eng d |
| 010 |
|
|
|a 2010047515
|
| 020 |
|
|
|a 9780812242843 (hardcover : alk. paper)
|
| 040 |
|
|
|a PU/DLC
|c DLC
|d DLC
|d BD-DhAAL
|
| 082 |
0 |
0 |
|a 307.76
|2 22
|
| 245 |
0 |
0 |
|a Global urbanization /
|c edited by Eugenie L. Birch and Susan M. Wachter.
|
| 260 |
|
|
|a Philadelphia :
|b University of Pennsylvania Press,
|c c2011.
|
| 300 |
|
|
|a vi, 376 p. :
|b ill., maps ;
|c 25 cm.
|
| 490 |
1 |
|
|a The city in the twenty-first century
|
| 504 |
|
|
|a Includes bibliographical references (p. [331]-361) and index.
|
| 541 |
|
|
|e 00025888
|
| 650 |
|
0 |
|a Urbanization.
|
| 650 |
|
0 |
|a Cities and towns
|x Growth.
|
| 650 |
|
0 |
|a Urban policy.
|
| 650 |
|
0 |
|a City planning.
|
| 700 |
1 |
|
|a Birch, Eugenie Ladner.
|9 53526
|
| 700 |
1 |
|
|a Wachter, Susan M.
|9 53527
|
| 830 |
|
|
|a The city in the twenty-first century
|9 53528
|
| 852 |
4 |
|
|a Ayesha Abed Library
|j General shelf.
|
| 942 |
|
|
|2 ddc
|c BK
|
| 999 |
|
|
|c 12722
|d 12722
|
| 952 |
|
|
|0 0
|1 0
|2 ddc
|4 0
|6 307_760000000000000_GLO
|7 0
|9 20972
|a IGS
|b IGS
|c GEN
|d 2012-08-06
|e Trim Education
|g 8975.00
|l 1
|m 3
|o 307.76 GLO
|p 3010025888
|r 2014-06-09
|s 2012-12-31
|t 1
|w 0000-00-00
|y BK
|x Available
|